00739nam a2200229Ia 4500003000900000008004100009040001300050040001300063041000800076100002800084245011300112250000900225260000800234260000900242300001100251300001000262490002200272490000600294942000700300999001700307952018500324IT-RoPAU120407s9999 xx 000 0 und d aIT-RoPAU cIT-RoPAU aita aJean-Jacques von Allmen aSaggio sulla Cena del Signore. Presentazione di Don Emmanuel Lanne. Trad. dal francese di Carmine Benincasa. aRoma aAve c1968 a217 p. c21 cm aTeologia oggi, 7 v1 cBK c29051d29051 00102ddc406230_47000000000000071aPAULUSbPAULUSd2012-04-11l0o230.47r2012-04-11 00:00:00w2012-04-11yBKzInserito da: Anna In data: n.d. fondo: Via A.Severo 56 Progr:31683